Catálogo
 En Linea
Vista normal Vista MARC

Entrada Nombre personal

Número de registros utilizados en: 1

001 - NÚMERO DE CONTROL

  • campo de control: 89343

003 - IDENTIFICADOR DEL NÚMERO DE CONTROL

  • campo de control: DO-SdBNP

005 - FECHA Y HORA DE LA ÚLTIMA TRANSACCIÓN

  • campo de control: 20260416143237.0

008 - DATOS DE LONGITUD FIJA

  • campo de control de longitud fija: 260416|| aza||aabn | a|a d

040 ## - FUENTE DE LA CATALOGACIÓN

  • Centro catalogador/agencia de origen: DO-SdBNP
  • Centro/agencia transcriptor: DO-SdBNP

100 ## - ENCABEZAMIENTO-NOMBRE DE PERSONA

  • Nombre de persona: Pellerano Casto, Arturo B.,
  • Forma completa/desarrollada del nombre: Arturo B. Pellerano Castro (Byron)

670 ## - FUENTE DE DATOS ENCONTRADOS

  • Cita de la fuente: Work cat.: (DO-SdBNP)60566: Pellerano Casto, Arturo B., autor aut. Arturo B. Pellerano Castro (Byron), un canto a la dominicanidad :

Con tecnología Koha